000
00252nam a2200097Ia 4500
008
230508s1998 xx 000 0 und d
041
_a
eng
100
_a
B.D. DHILLON
245
_a
ENGINEERING DESIGN MODERN APPROCH
260
_b
IRVVIN THE TIMES MIR
_c
1998
999
_c
736107
_d
736107